Statistics for Yugioh Character

Click here to take the quiz!

General Stats

  • This quiz has been taken 1,756 times
  • The average score is 8 of 12

Answer Stats

HintAnswer% Correct
MokubaKaiba
91%
SetoKaiba
91%
JoeyWheeler
87%
SerenityWheeler
87%
MaiValentine
78%
YamiYugi
76%
YugiMuto
63%
DukeDevlin
60%
TeaGardner
57%
TristanTaylor
43%
RyouBakura
32%
RebeccaHawkins
27%

Score Distribution

Percentile by Number Answered

Percent of People with Each Score

Your Score History

You have not taken this quiz